000 00729nam a2200253Ia 4500
003 OSt
005 20220918175517.0
006 a|||||r|||| 00| 0
007 ta
008 220917b |||||||| |||| 00| 0 eng d
024 _a17,687
037 _cTextual
040 _aARTS
_cARTS
_beng
041 _2eng
_aeng
082 _aQ8441v2.M, N0
100 _aNripinder Singh
_954239
245 0 _aSikh moral tradition
_b ethical perceptions of the Sikhs in the late nineteenth/early twentieth century
260 _aNew Delhi
_bManohar
_c1990
300 _avii,362p.
_ccm.
500 _aBib 330-55p
650 _aRELIGION
942 _hQ8441v2.M, N0
_cTEXL
_2CC
999 _c157853
_d157853